| 000 | 01866cam a22002054a 4500 | ||
|---|---|---|---|
| 005 | 20250605164149.0 | ||
| 008 | 250528s ||||||||||||||||||||||||d | ||
| 035 | _a19310 | ||
| 020 | _a960734488 | ||
| 040 |
_aGR-AtMCL _bgre _dGR-AtMCL _eAACR2 |
||
| 245 | 1 | _aΔιοίκηση Μικρομεσαίας Επιχειρήσης / Στην 3η Βιομηχανική Επανάσταση | |
| 260 |
_bΣύγχρονη Εκδοτική, _c2000 |
||
| 300 | _a384 | ||
| 520 | _aΤο βιβλίο αποτελεί ένα πολύτιμο εργαλείο για τη ''Διοίκηση ΜΜΕ'' και προσφέρει διέξοδο από το σύγχρονο ''δαίδαλο'' της πλανητικής οικονομίας. Πρόλογος, Επιχείρηση, Τα Χαρακτηριστικά του Επιχειρηματία, Κύκλος Ζωής και Δομή της ΜΜΕ, Περιβάλλον και ΜΜΕ, Επιχειρηματικός Σχεδιασμός στη ΜΜΕ, Χρηματοοικονομικά Θέματα, Ηγεσία, Στρατηγική Επιχειρησιακών Αποφάσεων, Προγραμματισμός της ΜΜΕ στο Περιβάλλον της 3ης Βιομηχανικής Επανάστασης, Εναλλακτικές Λύσεις Στρατηγικών Αποφάσεων, Η Χρήση του Ηλεκτρονικού Εμπορίου από τη Μικρομεσαία Επιχείρηση, Η Διοίκηση Ολικής Ποιότητας στη ΜΜΕ, Συγκριτική Διοίκηση (Benchmarking), Θέματα Πωλήσεων, Κατάλογος Διαγραμμάτων, Βιβλιογραφία. | ||
| 700 | 1 |
_aΚυριαζόπουλος Π. Γ _92543 |
|
| 700 | 1 |
_aΤερζίδης Κωνσταντίνος Π _95546 |
|
| 942 | _cBK | ||
| 999 |
_c4570 _d4570 |
||